Random English Words to Pig Latin - Statistics

General Stats
  • This quiz has been taken 87 times
    83 since last reset
  • The average score is 11 of 20
Answer Stats
Hint Answer % Correct
Latin Atinlay
91%
Lemon Emonlay
85%
Salt Altsay
80%
Hello Ellohay
79%
Republic Epublicray
75%
Raspberry Aspberryray
70%
Brag Agbray
68%
The Ethay
68%
Future Uturefay
68%
Mango Angomay
67%
Harvard Arvardhay
67%
Bored Oredbay
67%
Bottle Ottlebay
67%
Language Anguagelay
65%
George Eorgegay
65%
Chair Airchay
64%
Tangerine Angerinetay
63%
Beanbag Eanbagbay
62%
JetPunk Etpunkjay
61%
Pig Igpay
60%
Vacuum Acuumvay
58%
Captain Aptaincay
58%
Fluent Uentflay
58%
Garlic Arlicgay
57%
Proper Operpray
57%
Brush Ushbray
57%
Manchester Anchestermay
56%
Movie Oviemay
54%
Speak Eakspay
52%
War Arway
50%
Congratulations Ongratulationscay
50%
Prayer Ayerpray
48%
Headphones Eadphoneshay
48%
Bland Andblay
47%
Proud Oudpray
47%
Eyebrow Eyebrowway
46%
Twist Isttway
46%
Skunk Unkskay
46%
Blanket Anketblay
44%
Disappointment Isappointmentday
40%
Equal Equalway
33%
Hogwash Ogwashhay
33%
Structure Ucturestray
32%
Agree Agreeway
29%
Interference Interferenceway
25%
Archipelago Archipelagoway
24%
Airway Airwayway
22%
Aluminium Aluminiumway
21%
Orange Orangeway
14%
Ivory Ivoryway
13%
No matching quizzes found
Score Distribution
Percent of People with Each Score
Percentile by Number Answered
Your Score History
You have not taken this quiz since the last reset